书目信息 |
| 题名: |
C语言程序设计
|
|
| 作者: | 高涛 , 陆丽娜 , 焦向锋 编 | |
| 分册: | ||
| 出版信息: | 西安 西安交通大学出版社 2007.02 |
|
| 页数: | 203页 | |
| 开本: | 26cm | |
| 丛书名: | 21世纪应用型本科系列教材 | |
| 单 册: | ||
| 中图分类: | TP312C | |
| 科图分类: | ||
| 主题词: | C语言--C yu yan--程序设计--高等学校--教学参考资料 | |
| 电子资源: | ||
| ISBN: | 978-7-5605-2418-4 | |
| 000 | 01254nam 2200313 450 | |
| 001 | 012008745077 | |
| 005 | 20080602092735.50 | |
| 010 | @a978-7-5605-2418-4@dCNY16.00 | |
| 100 | @a20080602d2007 em y0chiy0120 ea | |
| 101 | 0 | @achi |
| 102 | @aCN@b610000 | |
| 105 | @ay a 000yy | |
| 106 | @ar | |
| 200 | 1 | @aC语言程序设计@AC yu yan cheng xu she ji@e实验指导·课程设计·习题解答@f高涛 ... [等] 编@Fgao tao...[deng]bian |
| 210 | @a西安@c西安交通大学出版社@d2007.02 | |
| 215 | @a203页@d26cm | |
| 225 | 2 | @a21世纪应用型本科系列教材@A21 shi ji ying yong xing ben ke xi lie jiao cai |
| 304 | @a题名页题 : 高涛, 陆丽娜, 焦向锋, 王思桦编 | |
| 320 | @a有书目 | |
| 330 | @a本书内容总体上包括4个部分。第1部分是对Turbo C++2.0和Visual C++6.0编程环境的介绍;第2部分是实验指导和上机内容;第3部分为课程设计导引与范例;第4部分为课程的习题解答。 | |
| 410 | 0 | @12001 @a21世纪应用型本科系列教材 |
| 517 | 1 | @a实验指导·课程设计·习题解答@Ashi yan zhi dao·ke cheng she ji·xi ti jie da |
| 606 | 0 | @aC语言@AC yu yan@x程序设计@x高等学校@j教学参考资料 |
| 690 | @aTP312C@v4 | |
| 701 | 0 | @a高涛@Agao tao@4编 |
| 701 | 0 | @a陆丽娜@Alu li na@4编 |
| 701 | 0 | @a焦向锋@Ajiao xiang feng@4编 |
| 801 | 0 | @aCN@bQSSK@c20080602 |
| 905 | @b721309-11@dTP312C@eG186@f3 | |
| C语言程序设计:实验指导·课程设计·习题解答/高涛 ... [等] 编.-西安:西安交通大学出版社,2007.02 |
| 203页;26cm.-(21世纪应用型本科系列教材) |
| ISBN 978-7-5605-2418-4:CNY16.00 |
| 本书内容总体上包括4个部分。第1部分是对Turbo C++2.0和Visual C++6.0编程环境的介绍;第2部分是实验指导和上机内容;第3部分为课程设计导引与范例;第4部分为课程的习题解答。 |
| ● |
| 相关链接 |
|
|
|
正题名:C语言程序设计
索取号:TP312C/G186
 
预约/预借
| 序号 | 登录号 | 条形码 | 馆藏地/架位号 | 状态 | 备注 |
| 1 | 721309 | 207213095 | 自科二线404/301自科库 78排1列2层/ [索取号:TP312C/G186] | 在馆 | |
| 2 | 721310 | 207213102 | 期刊室512/301自科库 54排1列3层/ [索取号:TP312C/G186] | 在馆 | |
| 3 | 721311 | 207213111 | 自科库301/301自科库 54排1列3层/ [索取号:TP312C/G186] | 在馆 |